Irrigation in Africa in figures : Aquastat survey 2005

The AQUASTAT programme was established to develop a comprehensive picture of water resources and irrigation in developing countries, and to give systematic, up-to-date and reliable information on water for agriculture and development. This report sets out an analysis of water availability and its us...

全面介绍

Đã lưu trong:
书目详细资料
格式: 图书
语言:Undetermined
出版: Rome FAO 2005
主题:
标签: 添加标签
没有标签, 成为第一个标记此记录!
Thư viện lưu trữ: Trung tâm Học liệu Trường Đại học Cần Thơ
LEADER 01241nam a2200217Ia 4500
001 CTU_108450
008 210402s9999 xx 000 0 und d
082 |a 333.913096 
082 |b I.71 
245 0 |a Irrigation in Africa in figures : 
245 0 |b Aquastat survey 2005 
245 0 |c Edited by Karen Frenken 
260 |a Rome 
260 |b FAO 
260 |c 2005 
520 |a The AQUASTAT programme was established to develop a comprehensive picture of water resources and irrigation in developing countries, and to give systematic, up-to-date and reliable information on water for agriculture and development. This report sets out an analysis of water availability and its use on the African continent and changes that have occurred over the last decade, with an emphasis on agricultural water use and management. The report includes a CD-ROM with detailed profiles on the situation in each of the 53 countries in Africa. 
650 |a Irrigation,Water-supply, rural,Thủy lợi,Cấp nước, nông thôn 
650 |x Statistics,Statistics,Thống kê,Thống kê 
650 |z Africa,Africa,Châu Phi,Châu Phi 
904 |i Hồng Cẩm, Năm 
980 |a Trung tâm Học liệu Trường Đại học Cần Thơ